Najbardziej demokratyczne państwa Azji - Statystyki

Ogólne statystyki
  • Ten quiz został rozwiązany 6 570 razy
  • Średni wynik to 5 z 10
Statystyki odpowiedzi
Wynik Państwo Wzrost/spadek % Poprawnych
8.13 Japonia + 0.14
93%
8.01 Korea Południowa + 0.01
86%
6.61 Indie - 0.29
72%
8.94 Tajwan + 1.21
52%
7.19 Malezja + 0.03
46%
6.56 Filipiny - 0.08
44%
6.48 Mongolia - 0.02
42%
7.84 Izrael - 0.02
41%
7.56 Cypr - 0.03
20%
7.06 Timor Wschodni - 0.13
15%
Nie znaleziono quizów pasujących do podanych kryteriów
Rozkład punktacji
Procent ludzi z każdym wynikiem
Percentyl według liczby udzielonych odpowiedzi
Twoja historia wyników
Nie rozwiązałeś tego quizu